000 00690nam a2200229 i 4500
003 DO-SdBNP
005 20240305110846.0
007 ta
008 240305s1999 dr 000 j spa d
040 _aDO-SdBNP
_bspa
_cBNPHU
_erda
082 _bI43
_222
110 _aAcción Comunitaria por el Progreso (ACOPRO)
_984975
245 0 0 _aInforme memoria :
_bparticipación, planificación, acción /
264 1 _a[Santo Domingo] :
_bACOPRO,
_c[2000].
300 _a55 páginas,
_c21 cm.
336 _2rdacontent
_atexto
_btxt
337 _2rdamedia
_asin mediación
_bn
338 _2rdacarrier
_avolumen
_bnc
590 _aInventariado, 2024/ YL
910 _aYLockward
942 _2ddc
_cLBS1
999 _c56035
_d56035